| 000 | 00000nas##2200000za#4500 |
| 001 | 9.508538 |
| 003 | CaOODSP |
| 005 | 20210615082445 |
| 007 | ta |
| 008 | 150406c2002||||xxc|| p #||||f| |0eng|d |
| 022 | |a1916-3991 |
| 040 | |aCaOODSP|beng |
| 041 | |aeng |
| 041 | |afre |
| 043 | |an-cn--- |
| 086 | 1 |aJS83-4 |
| 110 | 1 |aCanada. |bPublic Safety Canada. |
| 245 | 10|aResearch summary |
| 260 | |aOttawa - Ontario : |bPublic Safety Canada |
| 310 | |aBimonthly |
| 520 | 3 |aSummarizes the results of recent corrections research using an easy-to-understand, question-and-answer format. Each report focuses on one piece of research and on answering one question. Includes a contact for more information. |
| 546 | |aBilingual |
| 563 | |aPamphlet |
| 690 | 07|aCorrectional institutions|2gcpds |
| 690 | 07|aResearch and development|2gcpds |
| 690 | 07|aTherapy|2gcpds |
| 776 | 0#|tResearch summary |w(CaOODSP)9.505557 |
| 792 | |tRecherche en bref |efre|w(CaOODSP)9.508539 |